000 00570nam a22001697a 4500
005 20251108172403.0
008 250721s1987 xx 000 0 ara d
082 1 4 _a301.072/عبد
100 1 _aعبد المعطي، عبد الباسط
245 1 0 _aالبحث الإجتماعي :
_bمحاولة نحو رؤية نقدية المنهجية و أبعاده /
264 1 _aالقاهرة :
_bدار المعرفة الجامعية،
_c1987.
300 _a446ص
650 1 7 _aعلم الإجتماع
650 1 7 _aالبحث
942 _2ddc
_cBK
999 _c77973
_d77973